[Event "EU-ch U18"]
[Site "Arnhem"]
[Date "1987.??.??"]
[Round "1"]
[White "Gdanski, Jacek"]
[Black "Koch, Jean Rene"]
[Result "1/2-1/2"]
[WhiteElo "2400"]
[BlackElo "2270"]

1.e4 c5 2.Nf3 d6 3.Bb5+ Nd7 4.O-O a6 5.Bxd7+ Bxd7 6.d4 cxd4 7.Qxd4 e5 8.Qd3 h6
9.c4 Nf6 10.Nc3 Be7 11.a4 b6 12.b3 Bc6 13.Ba3 Ra7 14.Nd5 Nxd5 15.cxd5 Bd7
16.Nd2 b5 17.axb5 Bxb5 18.Nc4 O-O 19.f4 exf4 20.Rxf4 Bf6 21.Raf1 Be5 22.Rf5 Re7
23.Qe3 Rfe8 24.Nxe5 Rxe5 25.Rxe5 Rxe5 26.Bb2 Bxf1 27.Bxe5 Bb5 28.Bg3 Qe7
29.Qd4 Qg5 30.Qc3 Qg6 31.Qf3 Bd7 32.Qd3 Bb5 33.Qf3 Bd7 34.Qd3 Bb5 35.Qc2 Qf6
36.h3 Qd4+ 37.Kh2 Bd3 38.Qc8+ Kh7 39.Qf5+ Kg8 40.Qc8+ Kh7 41.Qf5+  1/2-1/2

[Event "AUT-ch"]
[Site "Austria"]
[Date "1987.??.??"]
[Round "3"]
[White "Dueckstein, Andreas"]
[Black "Steiner, Ulrich A"]
[Result "1/2-1/2"]
[WhiteElo "2370"]
[BlackElo "2290"]

1.e4 c5 2.Nf3 d6 3.Bb5+ Nc6 4.d4 cxd4 5.Qxd4 Bd7 6.Bxc6 Bxc6 7.Nc3 e5 8.Qd3 h6
9.O-O Nf6 10.a4 Be7 11.b3 O-O 12.Ba3 Qe8 13.Rfe1 a6 14.Nd2 b5 15.Nf1 Qb8
16.axb5 axb5 17.Bb4 Rxa1 18.Rxa1 Qb7 19.Ng3 Rd8 20.Rd1 g6 21.Qe3 h5 22.f3 Rd7
23.Kh1 Qb8 24.Nf1 Bd8 25.Qh6 Bb6 26.Ne3 Bc5 27.Bxc5 dxc5 28.Rxd7 Nxd7 29.Ncd5 Bxd5
30.Nxd5 Qd6 31.h3 Nb6 32.Nxb6 Qxb6 33.Qd2 Qc7  1/2-1/2

[Event "AUT-ch"]
[Site "Austria"]
[Date "1987.??.??"]
[Round "9"]
[White "Dueckstein, Andreas"]
[Black "Felsberger, Alfred"]
[Result "1-0"]
[WhiteElo "2370"]
[BlackElo "2310"]

1.e4 c5 2.Nf3 d6 3.Bb5+ Bd7 4.Bxd7+ Qxd7 5.O-O Nf6 6.Re1 Nc6 7.c3 e6 8.d4 cxd4
9.cxd4 d5 10.e5 Ne4 11.Nc3 Nxc3 12.bxc3 Be7 13.Re3 Rc8 14.Ne1 Bg5 15.Rg3 Bxc1
16.Rxc1 Kf8 17.Nd3 Ne7 18.Nf4 g6 19.Qd2 Nf5 20.Rh3 Qe7 21.g4 Ng7 22.Rh6 Kg8
23.Ng2 f5 24.exf6 Qxf6 25.Rh3 h5 26.Ne3 Qf4 27.Qd3 Rf8 28.Rf1 Rf6 29.f3 Rh7
30.Rg3 hxg4 31.fxg4 Qg5 32.Rxf6 Qxf6 33.Kg2 Ne8 34.g5 Qf4 35.Qxg6+ Ng7 36.Qf6 Qe4+
37.Qf3 Qd3 38.g6 Qd2+ 39.Kf1 Qc1+ 40.Nd1  1-0

[Event "Wch U20"]
[Site "Baguio"]
[Date "1987.??.??"]
[Round "?"]
[White "Gdanski, Jacek"]
[Black "Rechlis, Gad"]
[Result "0-1"]
[WhiteElo "2400"]
[BlackElo "2450"]

1.e4 c5 2.Nf3 d6 3.Bb5+ Bd7 4.Bxd7+ Qxd7 5.O-O Nc6 6.c3 Nf6 7.Re1 e6 8.d4 cxd4
9.cxd4 d5 10.e5 Ne4 11.Nbd2 Nxd2 12.Bxd2 Be7 13.Re3 O-O 14.Qe2 Rac8 15.Bc3 Rc7
16.h4 Rfc8 17.Ng5 h6 18.Nh3 Bxh4 19.Qg4 Be7 20.Rg3 Bf8 21.Nf4 Ne7 22.Bd2 Kh8
23.Nh5 Ng6 24.Nf4 Qe8 25.Re1 b5 26.a3 Rc2 27.Nxg6+ fxg6 28.Bc3 g5 29.Qd1 Qg6
30.Rd3 Rc1 31.Qxc1 Qxd3 32.Rd1 Qc4 33.Qc2 a5 34.Qg6 b4 35.axb4 axb4 36.Be1 Qc2
37.Qxc2 Rxc2 38.b3 Rb2 39.Rd3 g4 40.Kf1 Be7 41.f3 gxf3 42.Rxf3 Kg8 43.Kg1 h5
44.Rh3 g6 45.Kf1 Kg7 46.Rd3 g5 47.Bd2 g4 48.Ke1 h4 49.Kd1 Rb1+ 50.Ke2 Kg6
51.Be3 Rb2+ 52.Kf1 Kf5 53.Bf2 Bg5 54.Be1 Ke4  0-1

[Event "Balatonfured zt (Women)"]
[Site "Balatonfured"]
[Date "1987.??.??"]
[Round "?"]
[White "Erenska Radzewska, Hanna"]
[Black "Grosch, Maria"]
[Result "1-0"]
[WhiteElo "2300"]
[BlackElo "2220"]

1.e4 c5 2.Nf3 d6 3.Bb5+ Bd7 4.Bxd7+ Nxd7 5.O-O Ngf6 6.Re1 e6 7.b3 Be7 8.Bb2 O-O
9.d4 cxd4 10.Nxd4 a6 11.c4 Re8 12.Nc3 Bf8 13.Qf3 Qb6 14.Rad1 Rad8 15.Qe2 g6
16.h3 Bg7 17.Na4 Qc7 18.Nf3 Nc5 19.Nxc5 dxc5 20.Be5 Qe7 21.Qb2 Rxd1 22.Rxd1 Rd8
23.Rxd8+ Qxd8 24.g3 Ne8 25.Bxg7 Nxg7 26.Kg2 h5 27.Qc1 Qd6 28.Qg5 Ne8 29.g4 hxg4
30.hxg4 Kg7 31.e5 Qc6 32.Qe7  1-0

[Event "Balatonfured zt (Women)"]
[Site "Balatonfured"]
[Date "1987.??.??"]
[Round "?"]
[White "Erenska Radzewska, Hanna"]
[Black "Porubszky Angyalosine, Maria A"]
[Result "0-1"]
[WhiteElo "2300"]
[BlackElo "2240"]

1.e4 c5 2.Nf3 d6 3.Bb5+ Nd7 4.O-O Nf6 5.Re1 a6 6.Bxd7+ Nxd7 7.d4 cxd4 8.Nxd4 g6
9.Nc3 Bg7 10.Nd5 h6 11.Be3 O-O 12.c3 Nc5 13.f3 Bd7 14.Qd2 Kh7 15.Rad1 Rc8
16.Bf2 Re8 17.Bh4 Ne6 18.Nc2 Bc6 19.Nce3 Be5 20.Nc4 Bg7 21.Ndb6 Rb8 22.Nd5 Bb5
23.Na3 Bc6 24.Nc4 Bb5 25.Nce3 Rc8 26.Nc2 Bc4 27.Ra1 a5 28.Nce3 Ba6 29.Nd1 Nc5
30.Nf2 Bc4 31.f4 Bxd5 32.exd5 Qd7 33.Re3 Bf6 34.Bxf6 exf6 35.b4 axb4 36.cxb4 Rxe3
37.Qxe3 Na4 38.Ne4 Kg7 39.Qd4 Qd8 40.b5 Nc5 41.Nd2 Qd7 42.a4 Re8 43.Qc4 Qg4
44.h3 Qg3 45.Nf1 Re1 46.Rxe1 Qxe1 47.f5 gxf5 48.a5 Qxa5 49.Qf4 Qxb5 50.Ng3 Qb1+
51.Kh2 Kg6 52.Qh4 Qd1 53.Qc4 h5 54.Qh4 Nd3  0-1

[Event "Banja Luka"]
[Site "Banja Luka"]
[Date "1987.??.??"]
[Round "8"]
[White "Filipovic, Branko"]
[Black "Trepp, Markus"]
[Result "1/2-1/2"]
[WhiteElo "2415"]
[BlackElo "2405"]

1.e4 c5 2.Nf3 d6 3.Bb5+ Bd7 4.Bxd7+ Qxd7 5.c4 Nc6 6.d4 cxd4 7.Nxd4 Nf6 8.Nc3 e6
9.O-O Be7 10.Be3 O-O 11.Qe2 Rac8 12.Rfd1 a6 13.Rac1 Qc7 14.b3 Rfe8 15.f3 Bf8
16.Qf2 Ne5 17.h3 h6 18.g4 g5 19.h4 Nh7 20.Kg2 Bg7 21.Rc2 Ng6 22.hxg5 hxg5
23.Rh1 Be5 24.Nce2 Qe7 25.Rh5 f6 26.Rc1 Rf8 27.Rch1 Rf7 28.a4 Nhf8 29.Kf1 Rh7
30.Rxh7 Nxh7 31.Rh6 Kg7 32.Rh1 Rh8 33.Ng3 Kf7 34.Nh5 Nhf8 35.Kg1 Nd7 36.Qa2  1/2-1/2

[Event "Beersheba"]
[Site "Beersheba"]
[Date "1987.??.??"]
[Round "?"]
[White "Rohde, Michael A"]
[Black "Watson, William N"]
[Result "1/2-1/2"]
[WhiteElo "2530"]
[BlackElo "2500"]

1.e4 c5 2.Nf3 d6 3.Bb5+ Bd7 4.Bxd7+ Qxd7 5.O-O e6 6.c4 Nf6 7.Nc3 Nc6 8.d4 cxd4
9.Nxd4 Be7 10.b3 O-O 11.Bb2 a6 12.Nxc6 Qxc6 13.Qe2 Nd7 14.Rad1  1/2-1/2

[Event "HUN-ch op"]
[Site "Eger"]
[Date "1987.??.??"]
[Round "?"]
[White "Biro, Sandor"]
[Black "Horvath, Csaba"]
[Result "1/2-1/2"]
[WhiteElo "2285"]
[BlackElo "2455"]

1.e4 c5 2.Nf3 d6 3.Bb5+ Nd7 4.c3 Nf6 5.Qe2 a6 6.Ba4 g6 7.O-O Bg7 8.d4 O-O
9.e5 Nd5 10.Bb3 Nc7 11.Rd1 d5 12.dxc5 Nxc5 13.Be3 Nxb3 14.axb3 Bg4 15.Bb6 Bxf3
16.gxf3 e6 17.f4 Rc8 18.c4 Qh4 19.Be3 f6 20.exf6 Bxf6 21.Nc3 e5 22.Bb6 exf4
23.Bxc7 Rxc7 24.Nxd5 Rcf7 25.f3 Bg7 26.Rd2 Kh8 27.Re1 Rf5 28.Qe7 Qh3 29.Rd3 Bxb2
30.Re2 Bc1 31.Rg2 R8f7 32.Qe1 Be3+ 33.Nxe3 fxe3 34.Qc3+ Kg8 35.Rg3 Qh4 36.Rxe3 Re7
37.Rg4 Rxe3 38.Qxe3 Qf6 39.Kg2 Qb2+ 40.Kg3 Re5  1/2-1/2

[Event "HUN-ch op"]
[Site "Eger"]
[Date "1987.??.??"]
[Round "?"]
[White "Horvath, Imre"]
[Black "Farago, Sandor"]
[Result "1-0"]
[WhiteElo "2340"]
[BlackElo "2285"]

1.e4 c5 2.Nf3 d6 3.Bb5+ Bd7 4.Bxd7+ Nxd7 5.c4 Ngf6 6.Nc3 g6 7.d4 cxd4 8.Qxd4 Bg7
9.Bg5 h6 10.Be3 O-O 11.Qd2 Kh7 12.O-O Ng4 13.Bd4 Nde5 14.Nxe5 dxe5 15.Be3 Nxe3
16.Qxe3 Qd4 17.b3 Qxe3 18.fxe3 Rad8 19.Rad1 Bf6 20.Rxd8 Rxd8 21.Rd1 Rxd1+
22.Nxd1 Kg7 23.Kf1 Kf8 24.Ke2 e6 25.Kd3 Be7 26.Nc3 Ke8 27.Na4 Kd7 28.Kc3 a5
29.Nb2 Bb4+ 30.Kc2 Kd6 31.Nd3 Ba3 32.Kd2 b6 33.Kc2 f5 34.g3 g5 35.Kc3 g4
36.Kc2 h5 37.Kd2 Bb4+ 38.Ke2 Bc3 39.a3 a4 40.b4 fxe4 41.Nf2 Bb2 42.Nxe4+ Ke7
43.b5 Kd7 44.Kd3 Kc7 45.Nc3 Bxa3 46.Nxa4 Bb4 47.Nc3 Kd7 48.Na4 Kc7 49.Ke4 Bd6
50.Nb2 Kd7 51.Nd3 Ke7 52.Nxe5 Bc7 53.Ng6+ Kf6 54.Nf4 h4 55.gxh4 Bd6 56.h3 g3
57.Kf3 Kf5 58.Kxg3 Ke4 59.Kg4 Kxe3 60.Nxe6 Kd3 61.Kf5 Kxc4 62.h5 Bb4 63.h6 Bc3
64.Ng7  1-0

[Event "Endingen MA"]
[Site "Endingen"]
[Date "1987.??.??"]
[Round "5"]
[White "Sutterer, Robert"]
[Black "Fehling, Michael"]
[Result "0-1"]
[WhiteElo "2225"]
[BlackElo "2240"]

1.e4 c5 2.Nf3 d6 3.Bb5+ Nc6 4.d4 cxd4 5.Qxd4 Bd7 6.Bxc6 Bxc6 7.Nc3 Nf6 8.Bg5 e6
9.O-O Be7 10.Rad1 O-O 11.Rfe1 Qc7 12.Qd3 Rfd8 13.Nd4 a6 14.h3 b5 15.Nxc6 Qxc6
16.Ne2 Rac8 17.Nd4 Qc5 18.Bh4 Qh5 19.Nf3 h6 20.c3 Qc5 21.Nd4 d5 22.e5 Ne4
23.Bxe7 Qxe7 24.Nc6 Rxc6 25.Rxe4 Rb8 26.Rd4 Qc7 27.f4 a5 28.a3 Qb6 29.Kh2 Rc4
30.Qe2 Rbc8 31.R1d3 b4 32.axb4 axb4 33.Rxc4 Rxc4 34.Qd2 bxc3 35.bxc3 Qc7
36.g3 h5 37.h4 g6 38.Kh3 Kg7 39.Kh2 Ra4 40.Qe3 Ra1 41.Qe2 Qc4 42.Qf3 Ra2+
43.Kg1 Rc2 44.Qe3 Qa2  0-1

[Event "Gausdal Int"]
[Site "Gausdal"]
[Date "1987.??.??"]
[Round "?"]
[White "Gausel, Einar"]
[Black "Petursson, Margeir"]
[Result "0-1"]
[WhiteElo "2315"]
[BlackElo "2490"]

1.e4 c5 2.Nf3 d6 3.Bb5+ Nc6 4.O-O Bd7 5.Re1 Nf6 6.c3 a6 7.Bf1 Bg4 8.d4 cxd4
9.cxd4 d5 10.exd5 Nxd5 11.Nc3 e6 12.h3 Bh5 13.Bc4 Be7 14.Nxd5 exd5 15.Bb3 O-O
16.g4 Bg6 17.Ne5 Bf6 18.Nxg6 hxg6 19.Be3 Qd6 20.g5 Bd8 21.Qf3 Ba5 22.Rec1 Ne7
23.Bf4 Qd7 24.Qg4 Qd8 25.Rc2 Bb6 26.Rac1 Nf5 27.Be5 Re8 28.Rd2 Bxd4 29.Bxd4 Re4
30.Qg2 Rxd4 31.Rxd4 Nxd4 32.Rd1 Nxb3 33.Rxd5 Qb6 34.axb3 Qxb3 35.Rd2 Re8
36.Qg4 Qb5 37.Kg2 a5 38.h4 Qc6+ 39.Qf3 Re4 40.Kg3 Qc7+ 41.Kh3 Rf4 42.Qg3 Qc4
43.Rd8+ Kh7 44.Rd1 Qe4  0-1

[Event "Bundesliga 8687"]
[Site "Germany"]
[Date "1987.??.??"]
[Round "?"]
[White "Nonnenmacher, Eberhard"]
[Black "Kunsztowicz, Uwe"]
[Result "0-1"]
[WhiteElo "2305"]
[BlackElo "2325"]

1.e4 c5 2.Nf3 d6 3.Bb5+ Bd7 4.Bxd7+ Qxd7 5.O-O Nf6 6.Nc3 Nc6 7.d4 cxd4 8.Nxd4 g6
9.h3 Bg7 10.Be3 O-O 11.f4 Rfc8 12.Nb3 b5 13.Qf3 a6 14.Rad1 Qc7 15.Rf2 e6
16.g4 b4 17.Na4 d5 18.Nbc5 dxe4 19.Nxe4 Nd5 20.Bc5 Qa5 21.b3 Rd8 22.f5 Qc7
23.fxe6 fxe6 24.Ng5 Ne5 25.Qg2 Nc3 26.Nxc3 bxc3 27.Bd6 Qa7 28.Ne4 Nf7 29.Rd3 Qb7
30.Qf1 Nxd6 31.Nxd6 Qc6 32.Qg2 Qxg2+ 33.Kxg2 Rd7 34.Ne4 Rxd3 35.cxd3 Rd8
36.Nc5 Bd4  0-1

[Event "Bundesliga 8687"]
[Site "Germany"]
[Date "1987.??.??"]
[Round "?"]
[White "Grzesik, Thomas"]
[Black "Runau, Ralf"]
[Result "0-1"]
[WhiteElo "2335"]
[BlackElo "2285"]

1.e4 c5 2.Nf3 d6 3.Bb5+ Nd7 4.c3 Nf6 5.Qe2 a6 6.Ba4 c4 7.Bc2 b5 8.b3 cxb3
9.axb3 e5 10.O-O Be7 11.d4 O-O 12.Rd1 Qc7 13.Bb2 Nh5 14.g3 Ndf6 15.Kg2 Qd7
16.Ng1 exd4 17.cxd4 Bb7 18.f3 Rfe8 19.Qf2 Rac8 20.Bd3 g5 21.h3 d5 22.Nd2 dxe4
23.Nxe4 Nxe4 24.fxe4 Bd6 25.d5 f5 26.Qe3 h6 27.Ne2 fxe4 28.Bb1 Qf7 29.b4 Qf3+
30.Qxf3 exf3+ 31.Kxf3 Rf8+ 32.Kg2 Rce8 33.Nc3 Nxg3 34.Ra2 Nf5 35.Bc1 Ne3+
36.Bxe3 Rxe3 37.Ne4 Bxb4 38.Rf2 Re1 39.Rxe1 Bxe1 40.Re2 Bb4 41.Rc2 Rc8 42.Rf2 Rd8
43.Ba2 Kg7 44.Nf6 Bc3 45.Nh5+ Kg6 46.Kg3 Be5+ 47.Kg2 Kxh5 48.Kf1 Bxd5 49.Bb1 Bc4+
50.Kg2 Bd5+ 51.Kf1 Bf4  0-1

[Event "Bundesliga 8687"]
[Site "Germany"]
[Date "1987.??.??"]
[Round "?"]
[White "Wahls, Matthias"]
[Black "Bischoff, Klaus"]
[Result "0-1"]
[WhiteElo "2440"]
[BlackElo "2485"]

1.e4 c5 2.Nf3 d6 3.Bb5+ Nd7 4.O-O Nf6 5.Re1 a6 6.Bf1 Qc7 7.c3 e5 8.a4 b6
9.d4 Bb7 10.d5 g6 11.g3 Bg7 12.c4 O-O 13.Nh4 Rae8 14.a5 Rb8 15.axb6 Qxb6
16.Nc3 Bc8 17.Qd3 Qd8 18.Ra2 Ne8 19.Qc2 Bf6 20.Ng2 Ng7 21.Bd3 Be7 22.Bd2 f5
23.Bh6 fxe4 24.Nxe4 Nf6 25.Nxf6+ Bxf6 26.Qd2 Rf7 27.Ne3 Bg5 28.Bxg5 Qxg5
29.Nf1 Qf6 30.Qe2 Bf5 31.Bxf5 Nxf5 32.Nd2 Nd4 33.Qf1 Qg5 34.Rd1 Qh5 35.h3 Rxf2
36.Kxf2 Rf8+ 37.Kg2 Rxf1 38.Rxf1 e4 39.Rxa6 e3 40.g4 Qe5 41.Ra3 Kg7 42.Ra7+ Kg8
43.Ra8+ Kg7 44.Ra7+ Kh6 45.Re1 Qf4 46.Rf1 exd2 47.Rxf4 d1=Q 48.h4 Qe2+ 49.Kh1 Qe1+
50.Kg2 Qxh4  0-1

[Event "Graz op"]
[Site "Graz"]
[Date "1987.??.??"]
[Round "6"]
[White "Mednis, Edmar John"]
[Black "Suba, Mihai"]
[Result "1/2-1/2"]
[WhiteElo "2445"]
[BlackElo "2545"]

1.e4 c5 2.Nf3 d6 3.Bb5+ Nd7 4.d4 Nf6 5.Nc3 cxd4 6.Qxd4 e5 7.Qd3 h6 8.O-O Be7
9.a4 a6 10.Bc4 Qc7 11.Rd1 Nb6 12.Bb3 Be6 13.Qe2 Rc8 14.Nd2 O-O 15.a5 Nc4
16.Nxc4 Bxc4 17.Bxc4 Qxc4 18.Rd3 Rfd8 19.b3 Qc6 20.Bb2 Qc5 21.Ra4 Bf8 22.Bc1 Re8
23.Be3 Qc6 24.Bd2 Qd7 25.Be3 Rc6 26.Nd5 Nxd5 27.Rxd5 Be7 28.c4 Rec8 29.Qd3 Qe6
30.Rb4 R8c7  1/2-1/2

[Event "Graz op"]
[Site "Graz"]
[Date "1987.??.??"]
[Round "8"]
[White "Palos, Osman"]
[Black "Csom, Istvan"]
[Result "0-1"]
[WhiteElo "2440"]
[BlackElo "2480"]

1.e4 c5 2.Nf3 d6 3.Bb5+ Bd7 4.Bxd7+ Nxd7 5.O-O Ngf6 6.Re1 e6 7.d3 Be7 8.Nbd2 O-O
9.Nf1 Qc7 10.Ng3 Rfe8 11.h3 Rad8 12.c3 Bf8 13.Bg5 Rc8 14.Nh2 Qc6 15.Re2 b5
16.d4 h6 17.Bxf6 Nxf6 18.Qd2 cxd4 19.cxd4 Qb6 20.Rd1 Rc4 21.Ng4 Nxg4 22.hxg4 Be7
23.d5 e5 24.b3 Rc5 25.Qb2 Rec8 26.Nf1 Bg5 27.g3 Rc3 28.Kg2 b4 29.Rde1 Qa6
30.Nh2 R8c7 31.Qb1 g6 32.Qb2 Qb5 33.Nf3 Bc1 34.Qb1 Qd7 35.Nh2 Qc8 36.Rf1 Rc2
37.Rxc2 Rxc2 38.Nf3 Rc3 39.Nh2 a5 40.Rd1 Rc2 41.Rf1 Qc3 42.Nf3 Be3 43.Kg1 Bb6
44.Kg2 Qd3 45.Qe1 Re2 46.Qc1 Qxe4 47.Qxh6 Qxd5 48.Qg5 Kg7 49.Qe7 Bc5 50.Qg5 Rc2  0-1

[Event "URS-FL"]
[Site "Kursk"]
[Date "1987.??.??"]
[Round "?"]
[White "Shabanov, Yuri"]
[Black "Ruban, Vadim"]
[Result "1/2-1/2"]
[WhiteElo "2410"]
[BlackElo "2320"]

1.e4 c5 2.Nf3 d6 3.Bb5+ Nc6 4.O-O Bd7 5.c3 a6 6.Ba4 Nf6 7.Re1 b5 8.Bc2 e5
9.d4 cxd4 10.cxd4 Bg4 11.Be3 exd4 12.Bxd4 Nxd4 13.Qxd4 Bxf3 14.gxf3 Be7 15.Nc3 O-O
16.Rad1 Qc8 17.Bd3 Qh3 18.Qe3 b4 19.Bf1 Qe6 20.Ne2 Qxa2 21.Nd4 Qxb2 22.Nf5 Bd8
23.Rxd6 Bc7 24.Qg5 Ne8 25.Rxa6 Rxa6 26.Bxa6 Qf6 27.Qxf6 Nxf6 28.Ne7+  1/2-1/2

[Event "URS-FL"]
[Site "Kursk"]
[Date "1987.??.??"]
[Round "?"]
[White "Shabanov, Yuri"]
[Black "Ulibin, Mikhail"]
[Result "1-0"]
[WhiteElo "2410"]
[BlackElo "2240"]

1.e4 c5 2.Nf3 d6 3.Bb5+ Bd7 4.Bxd7+ Qxd7 5.O-O Nf6 6.Re1 Nc6 7.d4 cxd4 8.Nxd4 g6
9.c4 Bg7 10.Nc2 O-O 11.Nc3 Rac8 12.b3 a6 13.Bb2 e6 14.Qd2 Qc7 15.Rad1 Rfd8
16.Qg5 Ne5 17.Nd4 Nfd7 18.Re2 Nc5 19.Red2 Qb6 20.Kh1 h5 21.h3 Kh7 22.Qh4 Kg8
23.Nde2 Qc7 24.f3 Qb8 25.Nd4 b6 26.Qg5 Ncd7 27.f4 Ng4 28.Qh4 Ngf6 29.Nf3 Nc5
30.Ng5 b5 31.b4 Na4 32.Nxa4 bxa4 33.Nxe6 Nxe4 34.Nxg7 Nxd2 35.Nxh5 gxh5 36.Qg5+ Kf8
37.Re1  1-0

[Event "URS-FL"]
[Site "Lvov"]
[Date "1987.??.??"]
[Round "?"]
[White "Rozentalis, Eduardas"]
[Black "Chernin, Alexander"]
[Result "1/2-1/2"]
[WhiteElo "2505"]
[BlackElo "2580"]

1.e4 c5 2.Nf3 d6 3.Bb5+ Bd7 4.Bxd7+ Qxd7 5.O-O e6 6.c3 Nf6 7.Qe2 Nc6 8.d4 cxd4
9.cxd4 d5 10.e5 Ne4 11.Be3 Be7 12.Ne1 f6 13.f3 Ng5 14.Nd3 O-O 15.Nd2 b6 16.exf6 Bxf6
17.Ne5 Bxe5 18.dxe5 Nf7 19.f4 Nh6 20.Nf3 Nf5 21.Bf2 Rac8 22.Qd2 Qe7 23.g4 Nh6
24.h3 Qb4 25.Qxb4 Nxb4 26.Bg3 Nc2 27.Rac1 g6 28.a3 Nf7 29.Bh4 Rc4 30.Nd2 Rc6
31.Bf6 Rfc8 32.Kf2 Kf8 33.Rg1 Nh6 34.Rg3 Ng8 35.Rcg1 Kf7 36.Bh4 Ne7 37.Rd3 h6
38.Ke2 Rc5 39.Nf3 Rc4 40.Bg3 Nc6 41.Rgd1 Ne7 42.Nd2 R4c6  1/2-1/2

[Event "URS-FL"]
[Site "Lvov"]
[Date "1987.??.??"]
[Round "?"]
[White "Dreev, Alexey"]
[Black "Romanishin, Oleg M"]
[Result "1-0"]
[WhiteElo "2475"]
[BlackElo "2555"]

1.e4 c5 2.Nf3 d6 3.Bb5+ Nc6 4.c3 Nf6 5.Qe2 Bg4 6.O-O Qb6 7.Ba4 e6 8.Na3 a6
9.e5 Nd7 10.Nc4 Qc7 11.exd6 Bxd6 12.Bxc6 bxc6 13.h3 Bh5 14.d3 O-O 15.g4 Bg6
16.Nh4 Rfe8 17.f4 Rad8 18.Be3 Nf6 19.Nxg6 hxg6 20.Qf2 Bf8 21.Rad1 Nd5 22.Bc1 f6
23.Qf3 Kf7 24.h4 Bd6 25.Rde1 Rh8 26.Qf2 Rh7 27.Ne5+ Bxe5 28.fxe5 f5 29.Bg5 Ne7
30.Qe3 Rd5 31.h5 gxh5 32.Bxe7 Qxe7 33.gxf5 Rh6 34.fxe6+ Ke8 35.Qe4 Rxe6 36.d4 cxd4
37.cxd4 Qb4 38.Qh7 Qxd4+ 39.Rf2 Rdxe5 40.Qg8+ Kd7 41.Rxe5 Qxe5  1-0

[Event "New York op"]
[Site "New York"]
[Date "1987.??.??"]
[Round "?"]
[White "Fernandez Garcia, Jose L"]
[Black "Rachels, Stuart"]
[Result "0-1"]
[WhiteElo "2450"]
[BlackElo "2355"]

1.e4 c5 2.Nf3 d6 3.Bb5+ Bd7 4.Bxd7+ Nxd7 5.O-O Ngf6 6.Qe2 e6 7.c3 Be7 8.d4 O-O
9.Rd1 Rc8 10.e5 Ne8 11.dxc5 Nxc5 12.c4 Qb6 13.Nc3 dxe5 14.Nxe5 Nf6 15.Be3 Rfd8
16.Nd3 Qc6 17.Nb5 Ra8 18.Nxa7 Qe4 19.Nxc5 Bxc5 20.Rxd8+ Rxd8 21.Rd1 Rxd1+
22.Qxd1 Qxc4 23.Qd8+ Bf8 24.Nc8 Nd5 25.h3 Qb4 26.a3 Qxb2 27.Bf4 Qa1+ 28.Kh2 Qf6
29.Qxf6 Nxf6 30.a4 Nd5 31.Bd6 b6 32.Kg3 Bxd6+ 33.Nxd6 Nc3  0-1

[Event "New York op"]
[Site "New York"]
[Date "1987.??.??"]
[Round "?"]
[White "Fernandez Garcia, Jose L"]
[Black "Olafsson, Helgi"]
[Result "1/2-1/2"]
[WhiteElo "2450"]
[BlackElo "2555"]

1.e4 c5 2.Nf3 d6 3.Bb5+ Nc6 4.d4 cxd4 5.Qxd4 Bd7 6.Bxc6 Bxc6 7.Bg5 Nf6 8.Nc3 e6
9.O-O Be7 10.Rad1 O-O 11.Rfe1 Qc7 12.e5 dxe5 13.Nxe5 Rfd8 14.Qc4 Rxd1 15.Nxd1 Rc8
16.Nxc6 Qxc6 17.Qxc6 Rxc6 18.Ne3 h6 19.Bh4 g5 20.Bg3 Ne4 21.Be5 f5 22.c3 Bc5
23.Re2 b5 24.g3 Kf7 25.Kg2 Nd6 26.Rd2 Ke7 27.Bd4 Bxd4 28.Rxd4 e5 29.Rd1 Ke6
30.f4 exf4 31.gxf4 Nc4 32.Re1 Nxe3+ 33.Rxe3+ Kf6 34.Rh3 Kg6 35.Rd3 Re6 36.Kf2 a6
37.fxg5 hxg5 38.Rd4 g4 39.a4 bxa4 40.Rxa4 Rb6 41.Kg3 Kg5 42.h3 gxh3 43.Kxh3 Rxb2
44.Rxa6 Kf4 45.Ra1 Ke3 46.Re1+ Re2 47.Rxe2+ Kxe2 48.Kg3 Ke3 49.Kg2 Ke2 50.Kg3 Ke3
51.Kg2 f4 52.Kf1  1/2-1/2

[Event "New York op"]
[Site "New York"]
[Date "1987.??.??"]
[Round "?"]
[White "Shirazi, Kamran G"]
[Black "Petursson, Margeir"]
[Result "0-1"]
[WhiteElo "2460"]
[BlackElo "2535"]

1.e4 c5 2.Nf3 d6 3.Bb5+ Nc6 4.O-O Bd7 5.Re1 a6 6.Bxc6 Bxc6 7.a4 Nf6 8.e5 dxe5
9.Nxe5 Qd5 10.Nxc6 Qxc6 11.a5 e6 12.d3 Bd6 13.Nd2 O-O 14.Nc4 Bc7 15.Re3 Rad8
16.Rh3 Rd4 17.Be3 Rg4 18.Qf3 Qxf3 19.Rxf3 Nd7 20.h3 Rg6 21.Ra4 e5 22.Bd2 Rc6
23.Re3 f6 24.Re1 Rd8 25.Rb1 Nf8 26.Be3 Ne6 27.Kf1 Rd5 28.b4 cxb4 29.Raxb4 Bxa5
30.Nxa5 Rxa5 31.Rxb7 Rb5 32.R7xb5 axb5 33.Rb2 Kf7 34.Ke2 g5 35.g4 Nc7 36.Kd2 Kg6
37.Ra2 h5 38.Ra7 Nd5 39.Rb7 Nc7 40.Ba7 h4 41.f3 Nd5 42.Rxb5 Nf4 43.Be3 Nxh3
44.Rb1 f5 45.c4 Nf4 46.c5 Nd5 47.d4 Ra6 48.Bg1 fxg4 49.fxg4 e4 50.Kc2 Ra3
51.Re1 Rg3 52.Kb1 Rxg4 53.Bh2 Rg2 54.Be5 h3 55.Rh1 e3 56.Kc1 Nb4 57.Bd6 g4
58.d5 Nxd5 59.c6 Ra2 60.Rh2 e2  0-1

[Event "New York op"]
[Site "New York"]
[Date "1987.??.??"]
[Round "?"]
[White "Ochoa de Echaguen, F Javier"]
[Black "Rachels, Stuart"]
[Result "1/2-1/2"]
[WhiteElo "2430"]
[BlackElo "2355"]

1.e4 c5 2.Nf3 d6 3.Bb5+ Bd7 4.Bxd7+ Nxd7 5.O-O Ngf6 6.Qe2 e6 7.b3 Be7 8.Bb2 O-O
9.c4 a6 10.d4 cxd4 11.Nxd4 Qc7 12.Nc3 Rfe8 13.Rfe1 Ne5 14.Rad1 Nc6 15.Nxc6 Qxc6
16.f4 b5 17.cxb5 axb5 18.Qxb5 Qxb5 19.Nxb5 Rxa2 20.Bxf6 gxf6 21.Nxd6 Rb8
22.Re3 Rb2 23.Rdd3 Bxd6 24.Rxd6 R2xb3  1/2-1/2

[Event "URS-ch otbor"]
[Site "Norilsk"]
[Date "1987.??.??"]
[Round "?"]
[White "Sorokin, Maxim"]
[Black "Ruban, Vadim"]
[Result "1/2-1/2"]
[WhiteElo "2380"]
[BlackElo "2320"]

1.e4 c5 2.Nf3 d6 3.Bb5+ Nc6 4.O-O Bd7 5.Re1 Nf6 6.c3 a6 7.Bf1 Bg4 8.d3 e6
9.Nbd2 Be7 10.h3 Bh5 11.a3 O-O 12.b4 d5 13.e5 Nd7 14.bxc5 Ncxe5 15.g4 Nxf3+
16.Nxf3 Bg6 17.d4 b6 18.c6 Nb8 19.Ne5 Bd6 20.c4 Bxe5 21.dxe5 Nxc6 22.Bg2 Be4
23.f3 Bg6 24.cxd5 exd5 25.f4 Be4 26.Bxe4 dxe4 27.Qxd8 Rfxd8 28.Rxe4 Rd1+
29.Kf2 Na5 30.Bb2 Rd3 31.h4 Rad8 32.Rc1 h5 33.e6 Rd2+ 34.Re2 Rxe2+ 35.Kxe2 Re8
36.gxh5 Rxe6+ 37.Kf3 Kh7 38.Rc7 f6 39.f5 Rc6 40.Rxc6 Nxc6 41.Ke4 Kh6 42.Kd5 Na5
43.Ke6 Nb3 44.Bxf6 Nc5+ 45.Kf7 gxf6 46.Kxf6 Kxh5 47.Ke7 b5 48.Kd6 Ne4+ 49.Kc6 Kxh4
50.f6 Nxf6 51.Kb6  1/2-1/2

[Event "Pavlodar"]
[Site "Pavlodar"]
[Date "1987.??.??"]
[Round "?"]
[White "Dreev, Alexey"]
[Black "Zaichik, Gennadi"]
[Result "1/2-1/2"]
[WhiteElo "2475"]
[BlackElo "2490"]

1.e4 c5 2.Nf3 d6 3.Bb5+ Bd7 4.Bxd7+ Qxd7 5.O-O Nc6 6.c3 Nf6 7.Qe2 e6 8.d4 cxd4
9.cxd4 d5 10.e5 Ne4 11.Nbd2 Nxd2 12.Bxd2 Be7 13.Rac1 O-O 14.Rc2 Rac8 15.Rfc1 Rc7
16.Qd3 Rfc8 17.h3 Nd8 18.Rxc7 Rxc7 19.Rxc7 Qxc7 20.Qc3 Qxc3 21.Bxc3 Nc6 22.b3 Kf8
23.Kf1 Ke8 24.Ke2 Kd7 25.Ke3 h6 26.g4 b5 27.Ne1 b4 28.Bb2 a5 29.f4 Bd8 30.Kd3  1/2-1/2

[Event "Porabka"]
[Site "Porabka"]
[Date "1987.??.??"]
[Round "3"]
[White "Gizynski, Tomasz"]
[Black "Bielczyk, Jacek"]
[Result "1/2-1/2"]
[WhiteElo "2280"]
[BlackElo "2385"]

1.e4 c5 2.Nf3 d6 3.Bb5+ Nd7 4.d4 Nf6 5.O-O Nxe4 6.Qe2 Nf6 7.dxc5 dxc5 8.Bg5 a6
9.Bxd7+ Bxd7 10.Rd1 Qc8 11.Ne5 Be6 12.Nc3 h6 13.Bf4 b5 14.h4 g6 15.Rd2 Bg7
16.Re1 O-O 17.Nxg6 fxg6 18.Qxe6+ Qxe6 19.Rxe6 Kf7 20.Rde2 Rfe8 21.Bc7 b4
22.Na4 Nd5 23.Bg3 Rec8 24.c4 bxc3 25.Nxc3 Bxc3 26.bxc3 c4 27.h5 Rg8 28.Rc6 Nxc3
29.Re3 Nd5 30.Rf3+ Ke8 31.hxg6 Nf6 32.Rxc4 Rxg6 33.Rc6 Kf7 34.Be5 Ra7 35.a4 a5
36.Bc3 Kg7 37.Rc5 Rg4 38.Rxa5 Rxa5 39.Bxa5 Rxa4 40.Bc3 Rg4 41.g3 Kf7 42.Kg2 Rc4  1/2-1/2

[Event "Rio Hondo"]
[Site "Rio Hondo"]
[Date "1987.??.??"]
[Round "1"]
[White "Bronstein, Luis"]
[Black "Polugaevsky, Lev"]
[Result "0-1"]
[WhiteElo "2410"]
[BlackElo "2595"]

1.e4 c5 2.Nf3 d6 3.Bb5+ Nc6 4.O-O Bd7 5.c3 Nf6 6.Re1 a6 7.Ba4 c4 8.d4 cxd3
9.Bg5 e6 10.Qxd3 Be7 11.Nbd2 Qc7 12.Rad1 Rd8 13.Nf1 O-O 14.Bxf6 gxf6 15.Nd4 Ne5
16.Qg3+ Kh8 17.Bxd7 Rxd7 18.Ne3 Rg8 19.Qh3 Ng6 20.Kh1 b5 21.a3 Qb7 22.Nxe6 fxe6
23.Qxe6 Bd8 24.Nd5 Nf8 25.Qe8 Qc6 26.Rd3 Ng6 27.Qe6 Rdg7 28.g3 Ne5 29.Rdd1 Re8
30.Qf5 Rg5 31.Qf4 Ng6 32.Nb4 Qb6 33.Qf3 Rge5 34.Nd5 Qc6 35.Qd3 f5 36.Nb4 Qb7
37.Qxd6 Rxe4 38.Rxe4 Qxe4+ 39.Kg1 Ne5  0-1

[Event "Rio Hondo"]
[Site "Rio Hondo"]
[Date "1987.??.??"]
[Round "2"]
[White "Szmetan, Jorge"]
[Black "Tal, Mihail"]
[Result "1/2-1/2"]
[WhiteElo "2390"]
[BlackElo "2625"]

1.e4 c5 2.Nf3 d6 3.Bb5+ Bd7 4.Bxd7+ Nxd7 5.O-O Ngf6 6.Re1 e6 7.c3 Be7 8.d4 O-O
9.e5 Ne8 10.Qe2 Rc8 11.exd6 Bxd6 12.Bg5 Qc7 13.Na3 a6 14.Nc4 cxd4 15.Nxd6 Nxd6
16.Nxd4 e5 17.Nc2 f6 18.Be3 Nc4 19.Nb4 Nxe3 20.Qxe3 Nb6 21.Rad1 Rcd8 22.Qf3 Qf7
23.b3 a5 24.Nc2 Nd5 25.Rd2 Rfe8 26.Red1 e4 27.Qg3 e3 28.fxe3 Nxc3 29.Rxd8 Ne2+
30.Kf2 Nxg3 31.hxg3 h5 32.R1d5 Rxd8 33.Rxd8+ Kh7 34.Nd4 a4 35.Ra8 axb3 36.axb3 Qd5
37.Rc8 g5 38.Rc4 Kg6 39.Ra4 Qe4 40.Rc4 Qd3 41.Rc7 Qd2+ 42.Ne2 b5 43.Rc3 Kf5
44.Kf3 Qd5+ 45.Kf2 Ke4 46.Nd4 g4 47.Rc4 Kd3 48.Nf3 Qb7 49.Ne1+ Kd2 50.Nf3+ Kd1
51.Rd4+ Kc2 52.Ne1+  1/2-1/2